Magyar fórum
Elmentve itt :
| Dokumentumtípus: | Cikk |
|---|---|
| Megjelent: |
1996-04-17
|
| Sorozat: | Délmagyarország
86 No. 90 |
| Kulcsszavak: | Egyetemi Könyvtár |
| Online Access: | http://dmarchiv.bibl.u-szeged.hu/79438 |
| LEADER | 00387nab a2200145 i 4500 | ||
|---|---|---|---|
| 001 | delm79438 | ||
| 005 | 20191014142042.0 | ||
| 008 | 191014s1996 hu o 0|| hun d | ||
| 040 | |a SZTE Délmagyarország Archívum |b hun | ||
| 041 | |a hun | ||
| 245 | 0 | 0 | |a Magyar fórum |h [elektronikus dokumentum] |
| 260 | |c 1996-04-17 | ||
| 300 | |a 1 | ||
| 490 | 0 | |a Délmagyarország |v 86 No. 90 | |
| 695 | |a Egyetemi Könyvtár | ||